LEADER 01414nam 2200361 n 450 001 996391092403316 005 20221108035038.0 035 $a(CKB)1000000000664730 035 $a(EEBO)2240894531 035 $a(UnM)99856094 035 $a(EXLCZ)991000000000664730 100 $a19920921d1624 uy | 101 0 $aeng 135 $aurbn||||a|bb| 200 00$aArchidamus, or, The councell of warre$b[electronic resource] $eBeing 2000. yeares old, and written by Isocrates the couragious orator, translated by a Tho: Barnes 210 $aLondon $cPrinted by William Iones for Nicholas Bourne, and are to be sold at his shop at the south entrie of the Royall Exchange$d1624 215 $a[38] p 300 $aSignatures: A-E⁴ (-E4). 300 $aThe first leaf is blank. 300 $aVariant: title omits all after "councell of warre."; title page a cancel?. 300 $aReproduction of the original in the British Library. 330 $aeebo-0018 607 $aGreece$xHistory$ySpartan and Theban Supremacies, 404-362 B.C$vEarly works to 1800 700 $aIsocrates$0186464 701 $aBarnes$b Thomas$cMinister of St. Margaret's, New Fish Street, London.$01004524 801 0$bCu-RivES 801 1$bCu-RivES 801 2$bCStRLIN 801 2$bWaOLN 906 $aBOOK 912 $a996391092403316 996 $aArchidamus, or, The councell of warre$92383449 997 $aUNISA LEADER 01505nam0 22003853i 450 001 VEA0010535 005 20231121125918.0 010 $a8870882004 100 $a20130703d1988 ||||0itac50 ba 101 | $agrc$aita 102 $ait 181 1$6z01$ai $bxxxe 182 1$6z01$an 200 1 $aFrammenti$fErmarco$gedizione, traduzione e commento a cura di Francesca Longo Auricchio 210 $aNapoli$cBibliopolis$d1988 215 $a196 p., 2! c. di tav.$cill.$d24 cm. 225 | $aLa scuola di Epicuro$v6$i. Frammenti dei katheghemones$v1 410 0$1001CFI0163385$12001 $aLa scuola di Epicuro$i. Frammenti dei katheghemones$v1 606 $aErmarco$xFragmenta$xEdizioni critiche$2FIR$3RMLC420400$9I 676 $a091.0945731$9MANOSCRITTI. NAPOLI$v19 676 $a091.09457364$9$v21 676 $a187$9FILOSOFIA EPICUREA$v20 676 $a187$9Filosofia epicurea.$v21 700 0$aHermarchus$3VEAV014434$4070$0487801 702 1$aLongo Auricchio$b, Francesca$3VEAV014435 790 0$aErmarco$3VEAV020580$zHermarchus 790 1$aLongo$b, Francesca$3NAPV198594$zLongo Auricchio, Francesca 801 3$aIT$bIT-01$c20130703 850 $aIT-FR0017 899 $aBiblioteca umanistica Giorgio Aprea$bFR0017 912 $aVEA0010535 950 0$aBiblioteca umanistica Giorgio Aprea$d 52S.SIJ. E5 SdE 6$e 52FLS0000369975 VMN RS $fC $h20130703$i20130703 977 $a 52 996 $aFrammenti$9283848 997 $aUNICAS